书目信息 |
| 题名: |
当代大学生健康教育教程
|
|
| 作者: | 胡玉明 主编 | |
| 分册: | ||
| 出版信息: | 北京 北京师范大学出版社 2012 |
|
| 页数: | 312页 | |
| 开本: | 23cm | |
| 丛书名: | 新世纪高等学校教材 | |
| 单 册: | ||
| 中图分类: | G647.9 , R161.5 | |
| 科图分类: | ||
| 主题词: | 大学生--健康教育--教材--da xue sheng | |
| 电子资源: | ||
| ISBN: | 978-7-303-08726-6 | |
| 000 | 00899nam 2200289 45 | |
| 001 | 012001003360 | |
| 005 | 20130125172645.0 | |
| 010 | @a978-7-303-08726-6@dCNY23.80 | |
| 092 | @b华现07-12/1-026@aCN | |
| 099 | @aCAL 012007114945 | |
| 100 | @a20070906d2007 ekmy0chiy0120 ea | |
| 101 | 0 | @achi |
| 102 | @aCN@b110000 | |
| 105 | @aa a 000yy | |
| 106 | @ar | |
| 200 | 1 | @a当代大学生健康教育教程@f胡玉明主编@Adang dai da xue sheng jian kang jiao yu jiao cheng |
| 210 | @a北京@c北京师范大学出版社@d2012 | |
| 215 | @a312页@c图@d23cm | |
| 225 | 2 | @a新世纪高等学校教材@Axin shi ji gao deng xue xiao jiao cai |
| 320 | @a有书目 (第306页) | |
| 410 | 0 | @12001@a新世纪高等学校教材 |
| 606 | 0 | @a大学生@x健康教育@j教材@Ada xue sheng |
| 690 | @aG647.9@v4 | |
| 690 | @aR161.5@v4 | |
| 701 | 0 | @a胡玉明@4主编@Ahu yu ming |
| 801 | 2 | @aCN@b江苏凤凰@c20191020 |
| 905 | @b1217821-4@dG647.9@e1236@f4 | |
| 当代大学生健康教育教程/胡玉明主编.-北京:北京师范大学出版社,2012 |
| 312页:图;23cm.-(新世纪高等学校教材) |
| ISBN 978-7-303-08726-6:CNY23.80 |
| ● |
| 相关链接 |
|
|
|
|
正题名:当代大学生健康教育教程
索取号:G647.9/1236
 
预约/预借
| 序号 | 登录号 | 条形码 | 馆藏地/架位号 | 状态 | 备注 |
| 1 | 1217821 | 212178212 | 第一样本阅览室/ [索取号:G647.9/1236] | 在馆 | |
| 2 | 1217822 | 212178221 | 教育系资料室/ [索取号:G647.9/1236] | 在馆 | |
| 3 | 1217823 | 212178230 | 教育系资料室/ [索取号:G647.9/1236] | 在馆 | |
| 4 | 1217824 | 212178249 | 第四借阅区/ [索取号:G647.9/1236] | 在馆 |